书目信息 |
| 题名: |
2017年河北省旅游业发展报告与2018年发展展望
|
|
| 作者: | ;河北省旅游发展委员会 编著 | |
| 分册: | ||
| 出版信息: | 北京 中国旅游出版社 2018.08 |
|
| 页数: | 194页 | |
| 开本: | 26cm | |
| 丛书名: | ||
| 单 册: | ||
| 中图分类: | F592.722 | |
| 科图分类: | ||
| 主题词: | 地方旅游业--di fang lu^ you ye--旅游业发展--研究报告--河北--2017 , 地方旅游业--di fang lu^ you ye--旅游业发展--经济预测--河北--2018 | |
| 电子资源: | ||
| ISBN: | 978-7-5032-6084-1 | |
| 000 | 01292nam0 2200265 450 | |
| 001 | 202019138171 | |
| 005 | 20191026133322.0 | |
| 010 | @a978-7-5032-6084-1@dCNY58.00 | |
| 100 | @a20191025d2018 em y0chiy50 ea | |
| 101 | 0 | @achi |
| 102 | @aCN@b110000 | |
| 105 | @aak z 000yy | |
| 106 | @ar | |
| 200 | 1 | @a2017年河北省旅游业发展报告与2018年发展展望@A2017 nian he bei sheng lu^ you ye fa zhan bao gao yu 2018 nian fa zhan zhan wang@d= Development report and prospect of Hebei tourism(2017-2018)@f河北省旅游发展委员会编著@zeng |
| 210 | @a北京@c中国旅游出版社@d2018.08 | |
| 215 | @a194页@c图@d26cm | |
| 300 | @a河北旅游发展蓝皮书 | |
| 330 | @a本书的创作与出版是贯彻落实党中央、国务院和省委省政府关于旅游业发展政策措施的成果, 是全域旅游和优质旅游发展理念背景下的产物, 填补了河北省此类出版物的空白, 也是河北省旅游理论研究进入新阶段、旅游智库将发挥更大作用的标志。 | |
| 510 | 1 | @aDevelopment report and prospect of Hebei tourism(2017-2018)@zeng |
| 606 | 0 | @a地方旅游业@Adi fang lu^ you ye@x旅游业发展@x研究报告@y河北@z2017 |
| 606 | 0 | @a地方旅游业@Adi fang lu^ you ye@x旅游业发展@x经济预测@y河北@z2018 |
| 690 | @aF592.722@v5 | |
| 711 | 02 | @a河北省旅游发展委员会@Ahe bei sheng lu^ you fa zhan wei yuan hui@4编著 |
| 801 | 0 | @aCN@c20190905 |
| 905 | @a河南城建学院图书馆@dF592.722@eH248 | |
| 2017年河北省旅游业发展报告与2018年发展展望= Development report and prospect of Hebei tourism(2017-2018)/河北省旅游发展委员会编著.-北京:中国旅游出版社,2018.08 |
| 194页:图;26cm |
| 河北旅游发展蓝皮书 |
| ISBN 978-7-5032-6084-1:CNY58.00 |
| 本书的创作与出版是贯彻落实党中央、国务院和省委省政府关于旅游业发展政策措施的成果, 是全域旅游和优质旅游发展理念背景下的产物, 填补了河北省此类出版物的空白, 也是河北省旅游理论研究进入新阶段、旅游智库将发挥更大作用的标志。 |
| ● |
| 相关链接 |
|
|
|
正题名:2017年河北省旅游业发展报告与2018年发展展
索取号:F592.722/H248
 
预约/预借
| 序号 | 登录号 | 条形码 | 馆藏地/架位号 | 状态 | 备注 |
| 1 | 1456300 | 214563006 | 社科库409/409社科库 40排1列2层/ [索取号:F592.722/H248] | 在馆 | |
| 2 | 1456301 | 214563015 | 社科库409/409社科库 40排1列2层/ [索取号:F592.722/H248] | 在馆 |